000 00928cam a22003017a 4500
003 CHAP
005 20220329140907.0
008 971013s1992 r 00010 d
010 _a59414
011 _a60386
035 _a64547
040 _cCHAP
082 _a580.3
_bC6
245 1 4 _aThe concise Oxford dictionary of botany
260 _aOxford :
_bOxford University Press,
_c1992
300 _a442 p.
490 0 _aOxford paperback reference
590 _aBATCH-UPD
_b10
_c20130110
_lUCH01
_h0737
590 _aBATCH-UPD
_b10
_c20130410
_lUCH01
_h0420
590 _aBATCH-UPD
_b10
_c20130914
_lUCH01
_h0734
590 _aCONVERSION
_b10
_c20130109
_lUCH01
_h1332
650 1 4 _aBotánica
_xDiccionarios.
_914530
700 0 _aAllaby, Michael
_eed.
_94359
830 0 _aOxford paperback reference
_984456
901 _aBK
942 _cLIBRO
949 _a580.3 C6
_bBC
_cC
_d33724000660841
_eC
_gI. 181130
_h90100
_i64547
_si
_t113.00
999 _c59414
_d59414